Manual de observación psicomotriz : (Record no. 148713)

MARC details
000 -CABECERA
campo de control de longitud fija 00633nam a2200193 u 4500
005 - FECHA Y HORA DE LA ÚLTIMA TRANSACCIÓN
campo de control 20220914063718.0
008 - ELEMENTOS DE LONGITUD FIJA--INFORMACIÓN GENERAL
campo de control de longitud fija 100616s2008 r 000 0 eng d
020 ## - NÚMERO INTERNACIONAL NORMALIZADO PARA LIBROS
Número Internacional Estándar del Libro 9788487330780
035 ## - NÚMERO DE CONTROL DEL SISTEMA
Número de control de sistema UPN01000176610
049 ## - COLECCIÓN
Colección CG
050 #4 - SIGNATURA TOPOGRÁFICA DE LA BIBLIOTECA DEL CONGRESO
Número de clasificación BF295
Número de documento/Ítem F6.5 2008
100 1# - ASIENTO PRINCIPAL--NOMBRE PERSONAL
Nombre de persona Fonseca, Vítor da
245 10 - MENCIÓN DE TÍTULO
Título Manual de observación psicomotriz :
Resto del título significación psiconeurológica de los factores psicomotores /
Mención de responsabilidad, etc. Vítor da Fonseca ; Traducción y adaptación de Eugenia Trigo.
250 ## - MENCIÓN DE EDICIÓN
Mención de edición 3a ed.
260 ## - PUBLICACIÓN, DISTRIBUCIÓN, ETC.
Lugar de publicación, distribución, etc. Barcelona, Esp. :
Nombre del editor, distribuidor, etc. Inde,
Fecha de publicación, distribución, etc. 2008.
300 ## - DESCRIPCIÓN FÍSICA
Extensión 382 p. :
Otras características físicas il.
650 #7 - ASIENTO SECUNDARIO DE MATERIA - TERMINO TEMATICO
Término de materia o nombre geográfico como elemento de entrada Psicomotricidad
Fuente del encabezamiento o término
9 (RLIN) 5010
905 ## - TIPO DE MATERIAL
Tipo de material Libro
Holdings
Estado de retiro Estado de pérdida Fuente del sistema de clasificación o colocación Estado dañado No para préstamo Código de colección Localización permanente Ubicación/localización actual Ubicación en estantería Total de préstamos Clasificación Código de barras Fecha visto por última vez Fecha del último préstamo Número de copia Tipo de ítem Koha
    Library of Congress Classification     Colección General Bib. Gregorio Torres Quintero Bib. Gregorio Torres Quintero Planta baja 37 BF295 F6.5 2008 275024 25/11/2024 05/11/2024 1 Libro